Programa de historia de la América indígena. (Record no. 51487)

MARC details
000 -LEADER
fixed length control field 00873cam a22002771 4500
001 - CONTROL NUMBER
control field pa 62000002
003 - CONTROL NUMBER IDENTIFIER
control field DLC
005 - DATE AND TIME OF LATEST TRANSACTION
control field 20260227111855.0
008 - FIXED-LENGTH DATA ELEMENTS--GENERAL INFORMATION
fixed length control field 780731s1961 dcu 000 0 spa
010 ## - LIBRARY OF CONGRESS CONTROL NUMBER
LC control number pa 62000002
035 ## - SYSTEM CONTROL NUMBER
System control number (OCoLC)4095901
040 ## - CATALOGING SOURCE
Original cataloging agency DLC
Transcribing agency OAU
Modifying agency DLC
042 ## - AUTHENTICATION CODE
Authentication code premarc
050 00 - LIBRARY OF CONGRESS CALL NUMBER
Classification number E16
Item number .A72 1961
100 1# - MAIN ENTRY--PERSONAL NAME
Personal name Armillas, Pedro.
245 10 - TITLE STATEMENT
Title Programa de historia de la América indígena.
260 ## - PUBLICATION, DISTRIBUTION, ETC.
Place of publication, distribution, etc. Washington,
Name of publisher, distributor, etc. Unión Panamericana,
Date of publication, distribution, etc. 1961.
300 ## - PHYSICAL DESCRIPTION
Extent 134 p.
Dimensions 21 cm.
490 1# - SERIES STATEMENT
Series statement Estudios y monográfías,
Volume/sequential designation 5
504 ## - BIBLIOGRAPHY, ETC. NOTE
Bibliography, etc. note Bibliography: p. 121-134.
650 #0 - SUBJECT ADDED ENTRY--TOPICAL TERM
Topical term or geographic name entry element Indians
General subdivision History.
651 #0 - SUBJECT ADDED ENTRY--GEOGRAPHIC NAME
Geographic name America
General subdivision Historiography.
651 #0 - SUBJECT ADDED ENTRY--GEOGRAPHIC NAME
Geographic name America
General subdivision History
-- Outlines, syllabi, etc.
651 #0 - SUBJECT ADDED ENTRY--GEOGRAPHIC NAME
Geographic name America
General subdivision History
Form subdivision Bibliography.
810 2# - SERIES ADDED ENTRY--CORPORATE NAME
Corporate name or jurisdiction name as entry element Pan American Union.
Subordinate unit Department of Social Affairs.
Title of a work Estudios y monografías ;
Volume/sequential designation 5.

No items available.

Powered by Koha